Hampton Roads international security quarterly

Bibliographic Details
Format: Electronic Journal
Language:English
Published: Portsmouth, VA : Transatlantic Euro-American Multimedia, 2001-
Subjects:
Online Access:Full text available from Research Library: 08/25/2001 to 02/27/2017

MARC

LEADER 00000nas a22000007a 4500
001 ssj0015638
003 WaSeSS
005 20200512172242.0
006 m d
007 cr n
008 010830c20019999vauqr pss 0 a0eng c
010 |a  2001211257 
022 |a 1536-9609  |l 1536-9609  |y 1550-9605 
035 |a (WaSeSS)ssj0015638 
037 |b Transatlantic Euro-American Multimedia LLC, P.O. Box 5368, Portsmouth, VA 23703-5368  |c $24.00 
040 |a NSD  |b eng  |c NSD  |d OCLCQ  |d NSD  |d DLC  |d OCLCQ  |d U3W  |d OCLCF  |d WaSeSS 
042 |a nsdp  |a pcc 
082 1 0 |a 355  |2 13 
210 0 |a Hampton Roads int. secur. q. 
222 0 |a Hampton Roads international security quarterly 
245 0 0 |a Hampton Roads international security quarterly  |h [electronic resource]. 
246 1 3 |a HRISQ 
260 |a Portsmouth, VA :  |b Transatlantic Euro-American Multimedia,  |c 2001- 
310 |a Quarterly 
362 0 |a Vol. 1, nr. 1 (Aug. 2001)- 
500 |a Title from cover (viewed Aug. 30, 2001). 
506 |a License restrictions may limit access. 
538 |a Mode of access: Subscribers provided with URL and password to access web site. 
655 0 |a Electronic journals. 
776 1 |t Hampton Roads international security quarterly (Print)  |x 1550-9605  |w (DLC) 2004215434  |w (OCoLC)55693348 
856 4 0 |z Full text available from Research Library: 08/25/2001 to 02/27/2017  |u https://search.proquest.com/publication/25776